Statistiche per Stemmi Squadre di calcio - UEFA - Quiz n°16

Clicka qui per fare il quiz!

Statistiche generali

  • Questo quiz è stato fatto 39 volte
  • Il punteggio medio è 8 su 10

Statistiche sulle risposte

Risposta% Corretto
Berner Sport Club Young Boys
100%
Birmingham City Football Club
100%
Moadon Kaduregel Maccabi Haifa
100%
Blackburn Rovers Football Club
97%
Swansea City Association Football Club
97%
1. Fußball- und Sportverein Mainz 05
86%
Club Atlético Osasuna
83%
Molde Fotballklubb
69%
Fußball-Club Augsburg 1907
58%
Villarreal Club de Fútbol
53%

Distribuzione punteggi

Percentile per numero di risposta

Percentuale di utenti per punteggio

I tuoi punteggi nel tempo

Non hai fatto questo quiz